Capitals Without the Letters of “Doha” - Statistics

General Stats
  • This quiz has been taken 6 times
  • The average score is 5 of 12
Answer Stats
Continents Capitals % Correct
South America Sucre
67%
Asia Beijing
50%
Europe Berlin
50%
Europe Minsk
50%
Africa Tunis
50%
Europe Vilnius
50%
Asia Beirut
33%
Europe Bern
33%
Europe Brussels
33%
Europe Kiev
33%
Africa Libreville
33%
Asia Tbilisi
33%
No matching quizzes found
Score Distribution
Percent of People with Each Score
Percentile by Number Answered
Your Score History
You have not taken this quiz